书目信息 |
| 题名: |
生物化学物质代谢与合成机理探究
|
|
| 作者: | 丁烽 著 | |
| 分册: | ||
| 出版信息: | 北京 中国纺织出版社 2017.3 |
|
| 页数: | 213页 | |
| 开本: | 24cm | |
| 丛书名: | ||
| 单 册: | ||
| 中图分类: | Q591.1 | |
| 科图分类: | ||
| 主题词: | 生物化学--代谢--研究 , 生物化学--化学合成--研究 | |
| 电子资源: | ||
| ISBN: | 978-7-5180-1967-0 | |
| 000 | 01002nam0 2200241 450 | |
| 001 | 0400002301 | |
| 005 | 20171020161642.0 | |
| 010 | @a978-7-5180-1967-0@dCNY47.00 | |
| 100 | @a20170328e2017 em y0chiy50 ea | |
| 101 | 0 | @achi |
| 102 | @aCN@b110000 | |
| 105 | @aa z 000yy | |
| 106 | @ar | |
| 200 | 1 | @a生物化学物质代谢与合成机理探究@9sheng wu hua xue wu zhi dai xie yu he cheng ji li tan jiu@f丁烽著 |
| 210 | @a北京@c中国纺织出版社@d2017.3 | |
| 215 | @a213页@c图@d24cm | |
| 330 | @a本书紧扣生物化学的核心知识,重点论述了生物化学中的物质代谢与合成机理,力求反映生物化学研究的新进展,阐明新的研究手段与原理。全书主要内容包括绪论、机体内糖类的代谢规律、机体内脂类的代谢规律、机体内氨基酸与核苷酸的代谢规律、物质代谢的相互关系与调节、机体内核酸的生物合成机理、机体内蛋白质的生物合成机理等。 | |
| 606 | 0 | @a生物化学@x代谢@x研究 |
| 606 | 0 | @a生物化学@x化学合成@x研究 |
| 690 | @aQ591.1@v5 | |
| 701 | 0 | @a丁烽@9ding feng@4著 |
| 801 | 0 | @aCN@b91MARC@c20171020 |
| 905 | @b1026776-80@dQ591.1@f5@e233 | |
| 生物化学物质代谢与合成机理探究/丁烽著.-北京:中国纺织出版社,2017.3 |
| 213页:图;24cm |
| ISBN 978-7-5180-1967-0:CNY47.00 |
| 本书紧扣生物化学的核心知识,重点论述了生物化学中的物质代谢与合成机理,力求反映生物化学研究的新进展,阐明新的研究手段与原理。全书主要内容包括绪论、机体内糖类的代谢规律、机体内脂类的代谢规律、机体内氨基酸与核苷酸的代谢规律、物质代谢的相互关系与调节、机体内核酸的生物合成机理、机体内蛋白质的生物合成机理等。 |
| ● |
| 相关链接 |
|
|
|
|
正题名:生物化学物质代谢与合成机理探究
索取号:Q591.1/233
 
预约/预借
| 序号 | 登录号 | 条形码 | 馆藏地/架位号 | 状态 | 备注 |
| 1 | 1026776 | 210267762 | 第二样本阅览室/ [索取号:Q591.1/233] | 在馆 | |
| 2 | 1026777 | 210267771 | 密集书库-生命科学系/ [索取号:Q591.1/233] | 在馆 | |
| 3 | 1026778 | 210267780 | 第三借阅区/ [索取号:Q591.1/233] | 在馆 | |
| 4 | 1026779 | 210267799 | 第三借阅区/ [索取号:Q591.1/233] | 在馆 | |
| 5 | 1026780 | 210267806 | 第三借阅区/ [索取号:Q591.1/233] |
已借出,限还日期为2025.05.05 借出人:李华伟 |